Sports Quiz

Random Sports or College Quiz

Name NCAA Team by Former Players Quiz Stats

 Plays Quiz not verified by Sporcle

Score 0/31 Timer 09:00
0 Plays Today
Former Players Team % Correct
Carlos Boozer, Kyrie IrvingDuke
96.7%
Antawn Jamison, Michael JordanNorth Carolina
96.7%
Rajon Rondo, Anthony Davis, Marquis TeagueKentucky
96.2%
Jalen Rose, Trey Burke, Chris WebberMichigan
94.8%
Shaquille O'Neal, Brandon Bass, Pete MaravichLSU
94.8%
Oscar Robertson, Kenyon MartinCincinnati
94.3%
Carmelo Anthony, Etan ThomasSyracuse
93.7%
Joakim Noah, Bradley BealFlorida
92.9%
Kevin Durant, Tristan ThompsonTexas
91.9%
Cody Zeller, Victor Oladipo, Isaiah ThomasIndiana
91.9%
Wilt Chamberlain, Mario ChalmersKansas
91%
Patrick Ewing, Allen Iverson, Otto PorterGeorgetown
90%
Derrick Rose, Tyreke Evans, Penny HardawayMemphis
85.8%
Emeka Okafor, Ray Allen, Hasheem ThabeetUConn
85.8%
Jeremy LinHarvard
78.7%
O.J. MayoUSC
78.2%
Former Players Team % Correct
Michael Beasley, Mitch RichmondKansas State
78.2%
Gordon Heyward, Shelvin MackButler
77.7%
Deron Williams, Luther Head, Myers LeonardIllinois
77%
Brook Lopez, Robin LopezStanford
76.3%
Grevis Vasquez, Steve Blake, Buck WilliamsMaryland
75.4%
Jerry Lucas, Michael ReddOhio State
73.5%
David West, James Posey, Jordan CrawfordXavier
59.2%
Kevin McHale, Joel PrzybillaMinnesota
58.8%
Sam Cassell, Al Thorton, Von WaferFlorida State
57.8%
Joe Johnson, Sidney Moncrief, Ronnie BrewerArkansas
56%
Reggie EvansIowa
50.7%
Bill BradleyPrinceton
47.9%
Jeff Hornacek, Jamaal TinsleyIowa State
40.8%
Nate Archibald, Tim HardawayUTEP
33.2%
Dan MajerleCentral Michigan
21.3%

You're not logged in!

Compare scores with friends on all Sporcle quizzes.
OR
Log In

Show Comments

Extras

Top Quizzes Today


Score Distribution

Your Account Isn't Verified!

In order to create a playlist on Sporcle, you need to verify the email address you used during registration. Go to your Sporcle Settings to finish the process.

Report this User

Report this user for behavior that violates our Community Guidelines.

Details: